| 000 -LEADER |
| fixed length control field |
01724pab a2200193 454500 |
| 008 - FIXED-LENGTH DATA ELEMENTS--GENERAL INFORMATION |
| fixed length control field |
180718b2018 xxu||||| |||| 00| 0 eng d |
| 100 ## - MAIN ENTRY--PERSONAL NAME |
| Personal name |
Forman-Rabinovici, Aliza |
| 245 ## - TITLE STATEMENT |
| Title |
Reproductive health policy-makers: comparing the influences of international and domestic institutions on abortion policy |
| 260 ## - PUBLICATION, DISTRIBUTION, ETC. |
| Date of publication, distribution, etc. |
2018 |
| 300 ## - PHYSICAL DESCRIPTION |
| Extent |
p.185-199. |
| 520 ## - SUMMARY, ETC. |
| Summary, etc. |
Do policies protecting women's rights correspond with norm change at the state level or the level of international institutions? We examine this question, comparing domestic and international institutional activity in correlation with reproductive health policy change, specifically, abortion access policy. At the domestic level, we examine female legislators and policies set to encourage gender equality, namely, electoral gender quotas. In the international arena, our theory distinguishes regional from international inter-governmental bodies. Original data with measurement innovations introduced here?including the Comparative Abortion Policy Index (CAPI1 and CAPI2)?are analysed for over 150 countries for close to two decades. We find a heretofore-overlooked relationship between international entities and reproductive health. Gender quotas, however, do not correspond with the general association between female representation and pro-women policy. When researchers and policy-makers consider gender quotas to promote women's rights, they may be advised to encourage female political participation through more organic means. - Reproduced. |
| 650 ## - SUBJECT ADDED ENTRY--TOPICAL TERM |
| Topical term or geographic name entry element |
Women's rights |
| 650 ## - SUBJECT ADDED ENTRY--TOPICAL TERM |
| Topical term or geographic name entry element |
Abortion - Policy |
| 650 ## - SUBJECT ADDED ENTRY--TOPICAL TERM |
| Topical term or geographic name entry element |
Health care - Policy |
| 650 ## - SUBJECT ADDED ENTRY--TOPICAL TERM |
| Topical term or geographic name entry element |
Health care |
| 700 ## - ADDED ENTRY--PERSONAL NAME |
| Personal name |
Sommer, Udi |
| 773 ## - HOST ITEM ENTRY |
| Main entry heading |
Public Administration |
| 909 ## - |
| -- |
117048 |